[Event "MGL-ch"]
[Site "Ulaanbaatar"]
[Date "2010.04.11"]
[Round "15"]
[White "Gundavaa, Bayarsaihan"]
[Black "Bilegt, Batkhorol"]
[Result "1-0"]
[WhiteElo "2471"]
[BlackElo "2212"]
[PlyCount "75"]
[EventDate "2010.04.03"]
[EventType "tourn"]
[EventRounds "15"]
[EventCountry "MGL"]
[EventCategory "2"]
[SourceTitle "EXT 2011"]
[Source "ChessBase"]
[SourceDate "2010.11.26"]
[SourceVersion "1"]
[SourceVersionDate "2010.11.26"]
[SourceQuality "1"]

1. d4 Nf6 2. c4 c6 3. Nf3 d5 4. Nc3 Bf5 5. e3 dxc4 6. Bxc4 e6 7. 0-0 Nbd7 8. Qe2 Bg6 9. e4 Be7 10. Bf4 0-0 11. Rfd1 Re8 12. Rac1 Rc8 13. Ne5 b5 14. Nxg6 hxg6 15. Bb3 a6 16. a4 g5 17. Bxg5 Nxe4 18. Nxe4 Bxg5 19. Rc3 Nf8 20. Qh5 Bf6 21. Rf3 g6 22. Nxf6+ Qxf6 23. Rxf6 gxh5 24. Rh6 c5 25. Rxh5 cxd4 26. axb5 axb5 27. Rxd4 Rc1+ 28. Rd1 Rxd1+ 29. Bxd1 Rd8 30. Rg5+ Ng6 31. Bh5 b4 32. h4 Rd2 33. b3 Kg7 34. Bxg6 fxg6 35. h5 Rd1+ 36. Kh2 Kh6 37. Rxg6+ Kxh5 38. Rxe6 1-0

[Event "MGL-ch"]
[Site "Ulaanbaatar"]
[Date "2010.04.10"]
[Round "13"]
[White "Byambaa, Zulzaga"]
[Black "Bilegt, Batkhorol"]
[Result "1-0"]
[WhiteElo "2350"]
[BlackElo "2212"]
[PlyCount "49"]
[EventDate "2010.04.03"]
[EventType "tourn"]
[EventRounds "15"]
[EventCountry "MGL"]
[EventCategory "2"]
[SourceTitle "EXT 2011"]
[Source "ChessBase"]
[SourceDate "2010.11.26"]
[SourceVersion "1"]
[SourceVersionDate "2010.11.26"]
[SourceQuality "1"]

1. e4 c5 2. Nf3 e6 3. d4 cxd4 4. Nxd4 a6 5. Bd3 Nc6 6. Be3 Nf6 7. 0-0 Qc7 8. Nc3 Nxd4 9. Bxd4 Bc5 10. Bxc5 Qxc5 11. Kh1 0-0 12. f4 d6 13. Qf3 e5 14. f5 Bd7 15. g4 Bc6 16. g5 Nd7 17. f6 Rfe8 18. Qh5 d5 19. Rf3 dxe4 20. Bxe4 Bxe4 21. Nxe4 Qxc2 22. Re1 Nc5 23. Rc3 Qxe4+ 24. Rxe4 Nxe4 25. Re3 1-0

[Event "MGL-ch"]
[Site "Ulaanbaatar"]
[Date "2010.04.04"]
[Round "4"]
[White "Bilegt, Batkhorol"]
[Black "Munkhgal, Gombosuren"]
[Result "1/2-1/2"]
[WhiteElo "2212"]
[BlackElo "2257"]
[PlyCount "83"]
[EventDate "2010.04.03"]
[EventType "tourn"]
[EventRounds "15"]
[EventCountry "MGL"]
[EventCategory "2"]
[SourceTitle "EXT 2011"]
[Source "ChessBase"]
[SourceDate "2010.11.26"]
[SourceVersion "1"]
[SourceVersionDate "2010.11.26"]
[SourceQuality "1"]

1. e4 e6 2. d4 d5 3. exd5 exd5 4. Nf3 c5 5. dxc5 Bxc5 6. Bd3 Nf6 7. 0-0 0-0 8. Nbd2 Bg4 9. Nb3 Bb6 10. h3 Bh5 11. c3 Nc6 12. Bg5 h6 13. Be3 Bxe3 14. fxe3 Re8 15. Qd2 Qe7 16. Rae1 Ne4 17. Qc2 Bxf3 18. Rxf3 Ne5 19. Bxe4 dxe4 20. Rff1 Nd3 21. Rd1 Qg5 22. Qe2 Rad8 23. Nc1 Nxc1 24. Rxc1 Rd3 25. Rce1 Re6 26. Rf4 f5 27. Qf2 Re5 28. Rf1 Red5 29. Rxf5 Rxf5 30. Qxf5 Qxf5 31. Rxf5 Rxe3 32. Rf2 Re1+ 33. Kh2 e3 34. Rf3 g5 35. b3 Kg7 36. c4 Kg6 37. c5 h5 38. b4 Rb1 39. Rxe3 Rxb4 40. Ra3 a6 41. c6 bxc6 42. Rxa6 1/2-1/2